Report on shortage occupations (Record no. 495544)

000 -LEADER
fixed length control field 00334cam a22000977a 4500
008 - FIXED-LENGTH DATA ELEMENTS--GENERAL INFORMATION
fixed length control field 180718b xxu||||| |||| 00| 0 eng d
082 ## - DEWEY DECIMAL CLASSIFICATION NUMBER
Classification number R11x54 In2o/10
245 ## - TITLE STATEMENT
Title Report on shortage occupations
Statement of responsibility, etc. by Ministry of Labour and Employment
260 ## - PUBLICATION, DISTRIBUTION, ETC.
Place of publication, distribution, etc. New Delhi
Name of publisher, distributor, etc. National Emploment Service
Date of publication, distribution, etc.
700 ## - ADDED ENTRY--PERSONAL NAME
Personal name India. Ministry of Labour and Employment
Holdings
Withdrawn status Lost status Damaged status Not for loan Permanent Location Current Location Date acquired Full call number Barcode Date last seen Price effective from Koha item type
        Indian Institute of Public Administration Indian Institute of Public Administration 2018-08-04 R11x54 In2o/10 GG3413 2018-08-04 2018-08-04 GG

Powered by Koha